000
00309nam a2200121Ia 4500
008
210430s9999 xx 000 0 und d
082
_a
628.1 N 316 I
100
_a
Naveed
_9
54377
245
_a
Industrial Instrumentation
_c
Naveed
260
_a
Lahore
_b
Allied book
_c
2011
300
_a
209 p
942
_c
BK
_2
ddc
999
_c
564944
_d
564944